States & Territories Capitals - Statistics

General Stats
  • This quiz has been taken 9 times
    7 since last reset
  • The average score is 24 of 40
Answer Stats
State / Territory Capital % Correct
Isle of Man Douglas
100%
Bermuda Hamilton
100%
New Caledonia Nouméa
100%
Greenland Nuuk
100%
American Samoa Pago Pago
100%
Sicily Palermo
100%
Puerto Rico San Juan
100%
Falkland Islands Stanley
100%
Taiwan Taipei
100%
Pitcairn Islands Adamstown
80%
Cayman Islands George Town
80%
French Polynesia Papeete
80%
British Virgin Islands Road Town
80%
Faroe Islands Tórshavn
80%
Cook Islands Avarua
60%
US Virgin Islands Charlotte Amalie
60%
Christmas Islands Flying Fish Cove
60%
Åland Mariehamn
60%
Wallis et Futuna Mata Utu
60%
Aruba Oranjestad
60%
Sint Eustatius Oranjestad
60%
Sint Maarten (Netherlands) Philipsburg
60%
Montserrat Plymouth
60%
Northern Mariana Islands Saipan
60%
Jersey St. Helier
60%
Anguilla The Valley
60%
Cocos (Keeling) Islands West Island
60%
Curaçao Willemstad
60%
Niue Alofi
40%
Guam Hagåtña
40%
Norfolk Island Kingston
40%
Canary Islands Santa Cruz de Tenerife
40%
Saint Martin (France) Marigot
20%
Northern Cyprus North Nicosia
20%
Abkhazia Sukhumi
20%
Saba The Bottom
20%
Transnistria Tiraspol
20%
Turks & Caicos Islands Grand Turk (Cockburn Town)
0%
Canary Islands Las Palmas de Gran Canaria
0%
South Ossetia Tskhinvali
0%
No matching quizzes found
Score Distribution
Percent of People with Each Score
Percentile by Number Answered
Your Score History
You have not taken this quiz since the last reset